| 000 | 00819nam a2200181 i 4500 | ||
|---|---|---|---|
| 001 | 155830 | ||
| 003 | ES-MaACL | ||
| 005 | 20250809042455.0 | ||
| 008 | 040720s1870 sp |||| | spa d | ||
| 040 |
_aCAM _bspa _cCAM |
||
| 100 | 1 |
_aIbáñez Ferrando, Vicente. _9128145 |
|
| 245 | 1 | 0 |
_aDerechos individuales _b: discurso pronunciado en la Academia Matritense de Legislación y Jurisprudendia sobre la naturaleza y caracteres de los derechos que nacen de la personalidad humana / _cpor Vicente Ibáñez y Ferrando. |
| 260 |
_aMadrid : _b[s.n.], _c1870 ( _fImprenta de "La Correspondencia Universal", á cargo de Fernando Cao) |
||
| 300 |
_a32 p. ; _c23 cm. |
||
| 650 | 0 | 7 |
_aDerechos humanos _2embne _911770 |
| 852 |
_aES-MaACL _jFol-Laf-234 _z-- Rúst. _z-- Legado de Modesto de la Fuente |
||
| 999 |
_c155830 _d155830 |
||